World food production, demand and trade (Record no. 83241)

MARC details
000 -LEADER
fixed length control field 00746nam a2200181 a 4500
008 - FIXED-LENGTH DATA ELEMENTS--GENERAL INFORMATION
fixed length control field 120416s1973 ||||||||||||||||| || u
020 ## - INTERNATIONAL STANDARD BOOK NUMBER
International Standard Book Number 0813818001
050 ## - LIBRARY OF CONGRESS CALL NUMBER
Classification number HD 9000.6 Bla
100 ## - MAIN ENTRY--PERSONAL NAME
Personal name Blakeslee, Leroy L
245 10 - TITLE STATEMENT
Title World food production, demand and trade
260 ## - PUBLICATION, DISTRIBUTION, ETC.
Place of publication, distribution, etc. Iowa
Name of publisher, distributor, etc. Iowa State University Press
Date of publication, distribution, etc. 1973
350 ## -
-- 0.00
650 ## - SUBJECT ADDED ENTRY--TOPICAL TERM
Topical term or geographic name entry element FOOD
650 ## - SUBJECT ADDED ENTRY--TOPICAL TERM
Topical term or geographic name entry element PRODUCE TRADE
700 ## - ADDED ENTRY--PERSONAL NAME
Personal name Farmingham, Charles
995 ## -
-- ANNEX COLLECTION (Main Library)
-- 0.00
-- 712445
-- CBU-MAIN LIBRARY (Kitwe)
-- 1
-- 0.00
-- HD 9000.6 Bla
-- 1
-- AVAILABLE
-- 005344
-- Annex Low-Usage Collection
995 ## -
-- ANNEX COLLECTION (Main Library)
-- 0.00
-- 712446
-- CBU-MAIN LIBRARY (Kitwe)
-- 2
-- 0.00
-- HD 9000.6 Bla
-- 2
-- AVAILABLE
-- 005345
-- Annex Low-Usage Collection
999 ## -
-- 83241
-- 83241
Holdings
Withdrawn status Lost status Source of classification or shelving scheme Damaged status Not for loan Permanent Location Current Location Shelving location Date acquired Total Checkouts Full call number Barcode Date last seen Copy number Price effective from Koha item type
          CBU-MAIN LIBRARY, KITWE. CBU-MAIN LIBRARY, KITWE.   10/25/2023   HD 9000.6 Bla 005344 10/25/2023 1 10/25/2023 MONOGRAPH
          CBU-MAIN LIBRARY, KITWE. CBU-MAIN LIBRARY, KITWE.   10/25/2023   HD 9000.6 Bla 005345 10/25/2023 2 10/25/2023 MONOGRAPH